Selvicultura práctica / (Registro nro. 4261)

Detalles MARC
000 -CABECERA
Campo de control 00932cam a2200265 a 4500
005 - FECHA Y HORA DE LA ULTIMA TRANSACCION
Campo de control 20191224041730.0
008 - ELEMENTOS DE LONGITUD FIJA—INFORMACION GENERAL
Campo de control 890726s1960 sp a r 00010 spa d
040 ## - FUENTE DE CATALOGACIÓN
Agencia catalogadora original la
Agencia transcriptora la
Agencia Modificadora CO-BoIAVH
041 1# - IDIOMA
Código de idioma de la versión original y/o traducciones intermedias del texto Inglés
Código de idioma para texto/pista de sonido o título separado Español
044 ## - PAÍS DE PUBLICACIÓN
País de publicación Colombia
082 04 - NUMERO DE CLASIFICACION DECIMAL DEWEY
Número de clasificación 634.9
Número del ítem T48s
100 1# - ASIENTO PRINCIPAL--NOMBRE PERSONAL
Nombre personal Thomson, Thomas,
Fechas asociadas con el nombre 1773-1852.
Término relacionado autor
9 (RLIN) 70992
245 10 - MENCION DE TITULO
Título Selvicultura práctica /
Mención de responsabilidad Thomas Thomson ; traducción, adaptación y notas de Eduardo Subirá Rocamora.
260 ## - PUBLICACION, DISTRIBUCION, ETC. (PIE DE IMPRENTA)
Lugar de publicación, distribución, etc. Barcelona :
Nombre del editor, distribuidor, etc. Ediciones Zeus,
Fecha de publicación, distribución, etc. 1960.
300 ## - DESCRIPCION FISICA
Extensión 340 páginas :
Otros detalles físicos ilustraciones ;
Dimensiones 21 x 14 cm.
500 ## - NOTA GENERAL
Nota general Incluye índice.
534 ## - NOTA DE VERSION ORIGINAL
Frase introductoria T�itulo original.
Título del original An outline of forestry.
650 16 - ASIENTO SECUNDARIO DE MATERIA - TERMINO TEMATICO
Término temático o nombre geográfico como elemento de entrada Bosques
9 (RLIN) 92270
650 24 - ASIENTO SECUNDARIO DE MATERIA - TERMINO TEMATICO
Término temático o nombre geográfico como elemento de entrada Arboricultura
9 (RLIN) 70994
650 26 - ASIENTO SECUNDARIO DE MATERIA - TERMINO TEMATICO
Término temático o nombre geográfico como elemento de entrada Aprovechamiento de la madera
9 (RLIN) 64106
650 26 - ASIENTO SECUNDARIO DE MATERIA - TERMINO TEMATICO
Término temático o nombre geográfico como elemento de entrada Economía forestal
9 (RLIN) 23793
700 1# - ASIENTO SECUNDARIO - NOMBRE PERSONAL
Nombre personal Jerran, M. R. K.
Término de relación autor
9 (RLIN) 70990
700 1# - ASIENTO SECUNDARIO - NOMBRE PERSONAL
Nombre personal Subirá Rocamora, Eduardo
Término de relación traductor
9 (RLIN) 70991
942 ## - ELEMENTOS ADICIONALES (KOHA)
Sistema de clasificación Dewey Decimal Classification
Tipo de ítem Libro
Existencias
Withdrawn status Lost status Sistema de Clasificación Damaged status No para préstamo Colección Inventariado Ubicación Permanente Ubicación actual Fecha de adquisición Fuente de Valor Total Checkouts Número topográfico Inventario / Código de Barras Date last seen Ejemplar Price effective from Forma de adquisición Tipo de material
    Dewey Decimal Classification     General Inventariado 2017 Sala Fabio Quevedo Sala Fabio Quevedo 18/01/2005 Amazon   LB-634.9 T48s 017038 04/12/2012 Ej. 1 04/12/2012 Donación Libro